000 00548nam a2200193 a 4500
001 1765435095335
003 YourLibrary
005 20251213131027.0
008 251211s2010##################000#0#eng##
020 _a9780521855594
082 0 4 _a895.109CHA.2
100 1 _aChang, Kang-i Sun,
_eauthor.
245 1 0 _aThe Cambridge History of Chinese Literature: From 1375 :
260 _bCambridge University Press,
_c2010.
300 _a830 pages
650 0 _aLiterary Criticism.
942 _cENGLISH
040 _aYourLibrary
_beng
_cYourLibrary
999 _c602414
_d602414